The practice of qualitative research / (Record no. 2368)
[ view plain ]
| 000 -LEADER | |
|---|---|
| fixed length control field | 02300cam a2200373 a 4500 |
| 001 - CONTROL NUMBER | |
| control field | 15980739 |
| 003 - CONTROL NUMBER IDENTIFIER | |
| control field | OSt |
| 005 - DATE AND TIME OF LATEST TRANSACTION | |
| control field | 20180117085939.0 |
| 008 - FIXED-LENGTH DATA ELEMENTS--GENERAL INFORMATION | |
| fixed length control field | 091112s2011 caua b 001 0 eng |
| 010 ## - LIBRARY OF CONGRESS CONTROL NUMBER | |
| LC control number | 2009047929 |
| 020 ## - INTERNATIONAL STANDARD BOOK NUMBER | |
| International Standard Book Number | 9781412974578 (pbk.) |
| 035 ## - SYSTEM CONTROL NUMBER | |
| System control number | (OCoLC)ocn460052638 |
| 040 ## - CATALOGING SOURCE | |
| Original cataloging agency | DLC |
| Transcribing agency | DLC |
| Modifying agency | BTCTA |
| -- | YDXCP |
| -- | C#P |
| -- | BWX |
| -- | CDX |
| -- | DLC |
| 050 00 - LIBRARY OF CONGRESS CALL NUMBER | |
| Classification number | H62 |
| Item number | .H478 2011 |
| 082 00 - DEWEY DECIMAL CLASSIFICATION NUMBER | |
| Classification number | 001.4/2 |
| Edition number | 22 |
| 100 1# - MAIN ENTRY--PERSONAL NAME | |
| Personal name | Hesse-Biber, Sharlene Nagy. |
| 245 14 - TITLE STATEMENT | |
| Title | The practice of qualitative research / |
| Statement of responsibility, etc. | Sharlene Nagy Hesse-Biber, Patricia Leavy. |
| 250 ## - EDITION STATEMENT | |
| Edition statement | 2nd ed. |
| 260 ## - PUBLICATION, DISTRIBUTION, ETC. | |
| Place of publication, distribution, etc. | Los Angeles : |
| Name of publisher, distributor, etc. | SAGE, |
| Date of publication, distribution, etc. | c2011. |
| 300 ## - PHYSICAL DESCRIPTION | |
| Extent | xx, 400 p. : |
| Other physical details | ill. ; |
| Dimensions | 26 cm. |
| 504 ## - BIBLIOGRAPHY, ETC. NOTE | |
| Bibliography, etc. note | Includes bibliographical references and index. |
| 505 0# - FORMATTED CONTENTS NOTE | |
| Formatted contents note | An invitation to qualitative research -- Approaches to qualitative research -- Designing qualitative approaches to research -- The ethics of social research -- In-depth interview -- Oral history -- Focus group interviews -- Ethnography -- Content analysis and unobtrusive methods -- Case study -- Mixed methods research -- Analysis and interpretation of qualitative data -- The writing and representation of qualitative research -- The research nexus. |
| 650 #0 - SUBJECT ADDED ENTRY--TOPICAL TERM | |
| Topical term or geographic name entry element | Social sciences |
| General subdivision | Research. |
| 650 #0 - SUBJECT ADDED ENTRY--TOPICAL TERM | |
| Topical term or geographic name entry element | Qualitative research. |
| 700 1# - ADDED ENTRY--PERSONAL NAME | |
| Personal name | Leavy, Patricia, |
| Dates associated with a name | 1975- |
| 906 ## - LOCAL DATA ELEMENT F, LDF (RLIN) | |
| a | 7 |
| b | cbc |
| c | orignew |
| d | 1 |
| e | ecip |
| f | 20 |
| g | y-gencatlg |
| 942 ## - ADDED ENTRY ELEMENTS (KOHA) | |
| Source of classification or shelving scheme | |
| Koha item type | Book |
| Withdrawn status | Lost status | Source of classification or shelving scheme | Damaged status | Not for loan | Collection code | Permanent Location | Current Location | Shelving location | Date acquired | Total Checkouts | Total Renewals | Full call number | Barcode | Date last seen | Date last checked out | Price effective from | Koha item type | Checked out |
|---|---|---|---|---|---|---|---|---|---|---|---|---|---|---|---|---|---|---|
| Computer Science | Central Library (CL) | Central Library (CL) | First Floor - Computer Science | 06/23/2015 | 2 | 3 | 001.4/2 BIB | S3H-S-292 | 08/06/2020 | 08/05/2020 | 06/23/2015 | Book | ||||||
| Computer Science | Central Library (CL) | Central Library (CL) | First Floor - Computer Science | 06/23/2015 | 1 | 001.4/2 BIB | S3H-S-288 | 10/17/2017 | 10/17/2017 | 06/23/2015 | Book | 12/01/2017 | ||||||
| Computer Science | Central Library (CL) | Central Library (CL) | First Floor - Computer Science | 06/23/2015 | 001.4/2 BIB | S3H-S-289 | 06/23/2015 | 06/23/2015 | Book | |||||||||
| Computer Science | Central Library (CL) | Central Library (CL) | First Floor - Computer Science | 06/23/2015 | 2 | 001.4/2 BIB | S3H-S-290 | 01/07/2023 | 02/14/2019 | 06/23/2015 | Book | |||||||
| Computer Science | Central Library (CL) | Central Library (CL) | First Floor - Computer Science | 06/23/2015 | 2 | 1 | 001.4/2 BIB | S3H-S-291 | 06/22/2021 | 06/22/2021 | 06/23/2015 | Book |
